000
00469nam a2200133Ia 4500
008
100328s9999 xx 000 0 und d
082
_b
5902
100
_a
महाराज श्रीगुलाबराव
245
_a
अलौकिक व्याख्यानमाला
260
_b
---
630
_a
अलौकिक व्याख्यानमाला
730
_a
अलौकिक व्याख्यानमाला
942
_c
BOOK
999
_c
501866
_d
501863